Los fraudes en Contabilidad (Record no. 84730)

MARC details
000 -LEADER
campo de control de longitud fija 00691nam a2200193 i 4500
001 - NÚMERO DE CONTROL
campo de control 84730
003 - IDENTIFICADOR DE NÚMERO DE CONTROL
campo de control ES-MaACL
005 - FECHA Y HORA DE LA ÚLTIMA TRANSACCIÓN
campo de control 20230906175103.0
007 - CAMPO FIJO DE DESCRIPCIÓN FÍSICA--INFORMACIÓN GENERAL
campo de control de longitud fija t|
008 - DATOS DE LONGITUD FIJA--INFORMACIÓN GENERAL
campo de control de longitud fija 041123s1941 sp ||||1| spa d
100 1# - ENTRADA PRINCIPAL--NOMBRE DE PERSONA
Nombre de persona Jenny, Ernest G.
9 (RLIN) 66308
245 14 - MENCIÓN DEL TÍTULO
Título Los fraudes en Contabilidad
Resto del título : cómo se practican, cómo se descubren /
Mención de responsabilidad, etc. [por] Ernest G. Jenny ; en colaboración con Georg Niedermeyer ; traducción de la última edición alemana por Juan Valls.
250 ## - MENCION DE EDICION
Mención de edición 2ª ed.
260 ## - PUBLICACIÓN, DISTRIBUCIÓN, ETC.
Lugar de publicación, distribución, etc. Barcelona :
Nombre del editor, distribuidor, etc. J. Gil,
Fecha de publicación, distribución, etc. [1941] (
Fabricante La Neotipia)
300 ## - DESCRIPCIÓN FÍSICA
Extensión 233 p. ;
Dimensiones 24 cm.
700 1# - ENTRADA AGREGADA--NOMBRE PERSONAL
Nombre de persona Niedermeyer, Georg.
9 (RLIN) 85628
700 1# - ENTRADA AGREGADA--NOMBRE PERSONAL
Nombre de persona Valls, Juan.
9 (RLIN) 112934
852 ## - LOCALIZACIÓN
Ubicación ES-MaACL
Número de control de estantería F-15443
Sublocalización o colección R.19565
Holdings
Estatus retirado Estado de pérdida Estado de daño No para préstamo Biblioteca de origen Biblioteca actual Ubicación en estantería Fecha de adquisición Fuente de adquisición Total de préstamos Signatura topográfica completa Código de barras Visto por última vez Precio de reemplazo Tipo de ítem Koha
        Biblioteca del Ateneo de Madrid Biblioteca del Ateneo de Madrid Sala Pecera Planta 2 17/01/2008     F-15443 1088548 23/02/2023 23/02/2023 Libro impreso